000 00604nam a2200157 a 4500
001 000034223
005 20200930070900.0
008 110928s1942 dr 000 0 spa d
040 _aDO-SdBNP
_bspa
_cBNPHU
041 1 7 _aspa
_heng
_2Código de idioma MARC
082 _axxxx
_bR432
245 0 0 _aReseña de Ruinas y monumentos históricos de Ciudad Trujillo para turistas = Suide of historical ruins and monuments of Trujillo city for turists.
246 _aSuide of historical ruins and monuments of Trujillo city for turists
260 _aSanto Domingo :
_b[s. n.],
_c1942.
300 _a[50 p.] ;
_c23 cm.
999 _c33714
_d33714